[Event "25th North American Open"]
[Site "Las Vegas"]
[Date "2015.12.29"]
[Round "7"]
[White "Landaw, Julian"]
[Black "Morshedi, Ali"]
[Result "1/2-1/2"]
[WhiteElo "2340"]
[BlackElo "2232"]
[PlyCount "137"]
[EventDate "2015.12.??"]
[EventType "swiss"]
[EventRounds "9"]
[EventCountry "USA"]
[Source "MonRoi"]

1. e4 e5 2. Nf3 Nc6 3. Bb5 a6 4. Ba4 b5 5. Bb3 Na5 6. Nxe5 Nxb3 7. axb3 Qg5 8.
Nf3 Qxg2 9. Rg1 Qh3 10. Nc3 Bb7 11. Rg3 Qe6 12. d3 g6 13. Ng5 Qe7 14. Be3 Bg7
15. Qd2 Nf6 16. f4 O-O-O 17. Qf2 d5 18. e5 Nh5 19. Bc5 Qe8 20. O-O-O Nxg3 21.
Qxg3 d4 22. Nce4 h6 23. Nf3 Bxe4 24. dxe4 Qc6 25. b4 Qxe4 26. Nxd4 g5 27. Re1
Qxf4+ 28. Qxf4 gxf4 29. Nf5 Bf8 30. Re4 Rg8 31. Bf2 Rg2 32. Rxf4 Rxh2 33. c3 h5
34. Bd4 Kd7 35. Ng7 Bxg7 36. Rxf7+ Ke6 37. Rxg7 Rf8 38. Kb1 h4 39. Rxc7 h3 40.
Rc6+ Kd5 41. Rc5+ Ke4 42. e6 Re2 43. Rh5 h2 44. Ka2 Re8 45. Bb6 Rxe6 46. Bc7
Rg6 47. Rxh2 Rxh2 48. Bxh2 Rg2 49. Bc7 Kd3 50. Kb3 Rg4 51. Bd6 Kd2 52. Be5 Kc1
53. Bf6 Kb1 54. Be5 Rg5 55. Bf6 Rg2 56. c4 Rg3+ 57. Bc3 Rg4 58. c5 Rg3 59. c6
Rg6 60. c7 Rc6 61. Be5 Kc1 62. Bf4+ Kd1 63. Bh2 Ke2 64. Bf4 Kf3 65. Be5 Ke4 66.
Bh2 Kd5 67. Bf4 Ke6 68. Bh2 Kd7 69. Be5 1/2-1/2

[Event "25th North American Open"]
[Site "Las Vegas"]
[Date "2015.12.29"]
[Round "7"]
[White "Williams, Justus"]
[Black "Schill, William"]
[Result "1-0"]
[WhiteElo "2310"]
[BlackElo "2157"]
[PlyCount "135"]
[EventDate "2015.12.??"]
[EventType "swiss"]
[EventRounds "9"]
[EventCountry "USA"]
[Source "MonRoi"]

1. Nf3 Nf6 2. c4 g6 3. g3 Bg7 4. Bg2 O-O 5. O-O d6 6. Nc3 Nbd7 7. d4 c6 8. e4
e5 9. h3 Qb6 10. dxe5 dxe5 11. Qc2 Re8 12. Be3 Qb4 13. b3 Nc5 14. Rfd1 Nfd7 15.
Ng5 h6 16. Nf3 a5 17. Bd2 Ne6 18. Na4 Qf8 19. Be3 Ndc5 20. Nxc5 Nxc5 21. Nh4
Ne6 22. c5 Nd4 23. Bxd4 exd4 24. Rac1 Bf6 25. Nf3 d3 26. Qxd3 Bb2 27. Rc2 Ba3
28. Qe3 Be6 29. Ne1 a4 30. Rb1 axb3 31. axb3 Bb4 32. Nd3 Ba5 33. Nf4 Bc7 34. b4
Bc8 35. Rd1 Qg7 36. Rcd2 Ra1 37. Rxa1 Qxa1+ 38. Kh2 h5 39. h4 Qf6 40. Ra2 Be5
41. Ra8 Rd8 42. Bh3 Bxh3 43. Rxd8+ Qxd8 44. Kxh3 Qd4 45. Qxd4 Bxd4 46. Nd3 Kg7
47. f3 Bc3 48. Kg2 Kf6 49. g4 Bd2 50. Kg3 Ke7 51. f4 Bc3 52. f5 Bd2 53. gxh5
gxh5 54. e5 Kf8 55. Kf3 Kg7 56. Ke4 Bc3 57. f6+ Kg6 58. Nf4+ Kh6 59. Kf5 Bxb4
60. e6 fxe6+ 61. Nxe6 Bc3 62. f7 Bg7 63. Nxg7 Kxg7 64. Ke6 Kf8 65. Kf6 b5 66.
cxb6 c5 67. b7 c4 68. b8=Q# 1-0

[Event "25th North American Open"]
[Site "Las Vegas"]
[Date "2015.12.29"]
[Round "7"]
[White "Niemann, Hans"]
[Black "Atoufi, Pedram"]
[Result "0-1"]
[WhiteElo "2154"]
[BlackElo "2261"]
[PlyCount "78"]
[EventDate "2015.12.??"]
[EventType "swiss"]
[EventRounds "9"]
[EventCountry "USA"]
[Source "MonRoi"]

1. d4 Nf6 2. c4 g6 3. f3 Bg7 4. e4 O-O 5. Ne2 d6 6. Be3 a6 7. Nec3 c6 8. a4 a5
9. Be2 Na6 10. O-O Nd7 11. Na3 e5 12. dxe5 dxe5 13. Qd6 Re8 14. Rfd1 Bf8 15.
Qd2 Qc7 16. Na2 Ndc5 17. Qc2 Ne6 18. Nc1 Nd4 19. Bxd4 exd4 20. Nd3 Bd6 21. h3
Qe7 22. Qd2 Qh4 23. Bf1 Qg3 24. e5 Rxe5 25. Qf2 Qxf2+ 26. Nxf2 c5 27. Ne4 Be7
28. Bd3 f5 29. Nd2 Nb4 30. Bf1 Bh4 31. Nb3 b6 32. Kh2 f4 33. Nc1 Bf5 34. Nd3
Bg3+ 35. Kg1 Nxd3 36. Bxd3 Bxd3 37. Rxd3 Rae8 38. Nc2 Re2 39. Rc1 Rxc2 0-1

[Event "25th North American Open"]
[Site "Las Vegas"]
[Date "2015.12.29"]
[Round "7"]
[White "Haessel, Dale"]
[Black "Inapuri, Ramya"]
[Result "1/2-1/2"]
[WhiteElo "2262"]
[BlackElo "2131"]
[PlyCount "139"]
[EventDate "2015.12.??"]
[EventType "swiss"]
[EventRounds "9"]
[EventCountry "USA"]
[Source "MonRoi"]

1. d4 d5 2. c4 e6 3. Nf3 c6 4. Qc2 Nf6 5. e3 Nbd7 6. Nc3 Be7 7. b3 O-O 8. Bd3
dxc4 9. bxc4 c5 10. O-O cxd4 11. exd4 b6 12. Ne5 Bb7 13. Rd1 h6 14. a4 Rc8 15.
Be3 Bb4 16. Rab1 Bxc3 17. Qxc3 Nd5 18. Qe1 Nxe3 19. Qxe3 Nxe5 20. Qxe5 Qc7 21.
Qxc7 Rxc7 22. a5 bxa5 23. Ra1 Ba6 24. Rxa5 Bxc4 25. Bxc4 Rxc4 26. Rxa7 Rd8 27.
h4 Rcxd4 28. Rxd4 Rxd4 29. g3 Kf8 30. Kg2 Ke8 31. Kf3 Rd7 32. Ra8+ Ke7 33. Rg8
Kf6 34. Ke3 Ra7 35. Kf3 Ra3+ 36. Kg2 g6 37. Rb8 e5 38. Rb6+ Kf5 39. Rb7 f6 40.
Rg7 h5 41. Rb7 Ra2 42. Rb6 g5 43. hxg5 Kxg5 44. Rb5 h4 45. gxh4+ Kxh4 46. Kf3
Kg5 47. Kg3 Ra3+ 48. f3 Re3 49. Kf2 Kf4 50. Rb4+ e4 51. fxe4 Rxe4 52. Rb3 f5
53. Ra3 Rb4 54. Rc3 Rb2+ 55. Kf1 Kg4 56. Ra3 f4 57. Rc3 Rh2 58. Ra3 Rh8 59. Rb3
Rh5 60. Ra3 Re5 61. Kf2 Rh5 62. Rb3 Rh2+ 63. Kf1 Rh3 64. Rxh3 Kxh3 65. Kf2 Kg4
66. Kg2 f3+ 67. Kf2 Kf4 68. Kf1 Ke3 69. Ke1 f2+ 70. Kf1 1/2-1/2

[Event "25th North American Open"]
[Site "Las Vegas"]
[Date "2015.12.29"]
[Round "7"]
[White "Akobian, Varuzhan"]
[Black "Liang, Awonder"]
[Result "1/2-1/2"]
[WhiteElo "2618"]
[BlackElo "2383"]
[PlyCount "65"]
[EventDate "2015.12.??"]
[EventType "swiss"]
[EventRounds "9"]
[EventCountry "USA"]
[Source "MonRoi"]

1. d4 Nf6 2. c4 e6 3. Nf3 b6 4. g3 Bb7 5. Bg2 Be7 6. O-O O-O 7. Nc3 Ne4 8. Bd2
d6 9. Qc2 Nxd2 10. Qxd2 Nd7 11. e4 c5 12. d5 exd5 13. cxd5 Bf6 14. Rfe1 a6 15.
a4 Re8 16. Bf1 Bc8 17. Bc4 g5 18. h3 Ne5 19. Nxe5 Bxe5 20. Kg2 Qf6 21. Ra3 h5
22. Rb3 h4 23. g4 Rb8 24. Ne2 b5 25. axb5 axb5 26. Rxb5 Bd7 27. Rxb8 Rxb8 28.
b3 Kg7 29. f3 Bb5 30. Bxb5 Rxb5 31. Qe3 Ra5 32. Rf1 Ra2 33. Rf2 1/2-1/2

[Event "25th North American Open"]
[Site "Las Vegas"]
[Date "2015.12.29"]
[Round "8"]
[White "Colas, Joshua"]
[Black "Li, Ruifeng"]
[Result "1/2-1/2"]
[WhiteElo "2245"]
[BlackElo "2460"]
[PlyCount "164"]
[EventDate "2015.12.??"]
[EventType "swiss"]
[EventRounds "9"]
[EventCountry "USA"]
[Source "MonRoi"]

1. d4 Nf6 2. Nf3 e6 3. e3 b6 4. Bd3 Bb7 5. O-O c5 6. c3 d5 7. Ne5 Bd6 8. b3 O-O
9. f4 Nc6 10. Nd2 Ne7 11. Qf3 a5 12. a4 Ba6 13. Bxa6 Rxa6 14. Bb2 Ra8 15. g4
Nd7 16. Nd3 f5 17. g5 Qc7 18. c4 cxd4 19. exd4 Rfc8 20. Rac1 Qd8 21. h4 dxc4
22. Nxc4 Nf8 23. h5 Nd5 24. Rf2 Be7 25. Rg2 Qe8 26. g6 h6 27. Re1 Rd8 28. Ne3
Rac8 29. Nxd5 Rxd5 30. Rxe6 Rcd8 31. Re5 Rxe5 32. Nxe5 Bf6 33. Re2 Bxe5 34.
Rxe5 Qd7 35. Qd3 Qb7 36. Rxf5 Qe7 37. d5 Qe1+ 38. Kg2 Ne6 39. Bc3 Qc1 40. Qd2
Qxd2+ 41. Bxd2 Nc7 42. Be3 Nxd5 43. Re5 Kf8 44. Kf3 Rd6 45. Rf5+ Nf6 46. Rb5
Nd7 47. b4 axb4 48. Rxb4 Rc6 49. Bd4 Rd6 50. Ke4 Nf6+ 51. Bxf6 Rxf6 52. Rb5
Re6+ 53. Re5 Rc6 54. Kd4 Rf6 55. f5 Rd6+ 56. Rd5 Rf6 57. Kc4 Ke8 58. Kb4 Ke7
59. Kb5 Ke8 60. Ka6 Rc6 61. Kb5 Rf6 62. Kc4 Rc6+ 63. Kd4 Ke7 64. Rb5 Rd6+ 65.
Ke5 Rc6 66. a5 bxa5 67. Rb7+ Kf8 68. Rf7+ Kg8 69. Ra7 Rc8 70. Rxa5 Kf8 71. f6
gxf6+ 72. Kxf6 Rc6+ 73. Kf5 Rc7 74. Ke6 Kg7 75. Rd5 Ra7 76. Kd6 Ra6+ 77. Kc7
Ra7+ 78. Kc6 Kg8 79. Rb5 Kg7 80. Rb6 Re7 81. Kd6 Ra7 82. Ke6 Rc7 1/2-1/2

[Event "25th North American Open"]
[Site "Las Vegas"]
[Date "2015.12.29"]
[Round "8"]
[White "Barbosa, Oliver"]
[Black "Zhou, Jianchao"]
[Result "1/2-1/2"]
[WhiteElo "2518"]
[BlackElo "2606"]
[PlyCount "60"]
[EventDate "2015.12.??"]
[EventType "swiss"]
[EventRounds "9"]
[EventCountry "USA"]
[Source "MonRoi"]

1. d4 Nf6 2. c4 e6 3. Nf3 Bb4+ 4. Nbd2 O-O 5. a3 Bxd2+ 6. Qxd2 d5 7. Qc2 dxc4
8. e3 b6 9. Bxc4 Bb7 10. O-O Nbd7 11. b4 c5 12. Bb2 Qc7 13. dxc5 bxc5 14. b5 a6
15. bxa6 Bxa6 16. Bxa6 Rxa6 17. Rfc1 Rfa8 18. h3 h6 19. Bxf6 Nxf6 20. Qxc5 Qxc5
21. Rxc5 Rxa3 22. Rxa3 Rxa3 23. Rc8+ Kh7 24. Rc7 Ra1+ 25. Kh2 Rf1 26. Rxf7 Rxf2
27. Re7 Nd5 28. Rxe6 Re2 29. Nd4 Rxe3 30. Rxe3 Nxe3 1/2-1/2

[Event "25th North American Open"]
[Site "Las Vegas"]
[Date "2015.12.29"]
[Round "8"]
[White "Jinshi, Bai"]
[Black "Velikanov, Alexander"]
[Result "1-0"]
[WhiteElo "2502"]
[BlackElo "2324"]
[PlyCount "89"]
[EventDate "2015.12.??"]
[EventType "swiss"]
[EventRounds "9"]
[EventCountry "USA"]
[Source "MonRoi"]

1. Nf3 Nf6 2. c4 g6 3. Nc3 d5 4. cxd5 Nxd5 5. h4 h6 6. e4 Nxc3 7. dxc3 Qxd1+ 8.
Kxd1 Bg7 9. Bc4 O-O 10. Kc2 Nd7 11. Bf4 e5 12. Be3 Re8 13. Nd2 Nb6 14. Bb5 Bd7
15. a4 Rad8 16. h5 g5 17. Bxb6 axb6 18. Bxd7 Rxd7 19. Nc4 Red8 20. Rhd1 Rxd1
21. Rxd1 Rxd1 22. Kxd1 Kf8 23. a5 bxa5 24. Nxa5 b6 25. Nc4 Ke7 26. Ne3 Kd7 27.
Ke2 c6 28. Kf3 Ke6 29. Nc4 b5 30. Na5 c5 31. c4 bxc4 32. Nxc4 Bf8 33. Ne3 Kd6
34. Ke2 Kc6 35. Kd3 Kb5 36. Kc3 Bg7 37. b3 Bf8 38. Nf5 Kb6 39. Kc4 Kc6 40. Ne3
Bg7 41. Ng4 Kb6 42. Kd5 Kb5 43. Nxe5 Bxe5 44. Kxe5 Kb4 45. Kd5 1-0

[Event "25th North American Open"]
[Site "Las Vegas"]
[Date "2015.12.29"]
[Round "8"]
[White "Bodek, Michael"]
[Black "Sevillano, Enrico"]
[Result "1-0"]
[WhiteElo "2410"]
[BlackElo "2470"]
[PlyCount "85"]
[EventDate "2015.12.??"]
[EventType "swiss"]
[EventRounds "9"]
[EventCountry "USA"]
[Source "MonRoi"]

1. e4 c5 2. Nf3 Nc6 3. Nc3 a6 4. d4 cxd4 5. Nxd4 d6 6. h3 e6 7. Be3 Qc7 8. g4
Be7 9. g5 Na5 10. Nf5 exf5 11. Nd5 Qc6 12. Qd4 Kf8 13. b4 Be6 14. bxa5 fxe4 15.
Nf4 h6 16. Bg2 Bf5 17. Nh5 Rh7 18. Ng3 Bg6 19. O-O hxg5 20. Nxe4 Rh4 21. Ng3
Qd7 22. Qd5 Rb4 23. Rab1 Nf6 24. Qd2 Rb5 25. a4 Rxb1 26. Rxb1 Rc8 27. Rxb7 Qxa4
28. Bxg5 Rxc2 29. Qe3 Bd8 30. Bxf6 gxf6 31. Qh6+ Kg8 32. Bd5 Qa1+ 33. Kg2 Rxf2+
34. Kxf2 Qd4+ 35. Qe3 Qxd5 36. Rb8 Qxa5 37. Qe8+ Kg7 38. Rxd8 Qb6+ 39. Kg2 Qb7+
40. Kh2 Qb2+ 41. Qe2 Qd4 42. Rb8 a5 43. Rb5 1-0

[Event "25th North American Open"]
[Site "Las Vegas"]
[Date "2015.12.29"]
[Round "8"]
[White "Wang, Jue"]
[Black "Kiewra, Keaton"]
[Result "1/2-1/2"]
[WhiteElo "2364"]
[BlackElo "2444"]
[PlyCount "59"]
[EventDate "2015.12.??"]
[EventType "swiss"]
[EventRounds "9"]
[EventCountry "USA"]
[Source "MonRoi"]

1. e4 c5 2. Nf3 d6 3. d4 Nf6 4. Nc3 cxd4 5. Nxd4 g6 6. Be3 Bg7 7. f3 Nc6 8. Qd2
O-O 9. O-O-O d5 10. Qe1 e6 11. h4 Qc7 12. Ndb5 Qa5 13. exd5 exd5 14. Qd2 Be6
15. h5 d4 16. Nxd4 Nxd4 17. Bxd4 Rfd8 18. hxg6 hxg6 19. Qe3 Bxa2 20. Qe5 Qxe5
21. Bxe5 Rxd1+ 22. Kxd1 Be6 23. Kc1 Nh5 24. Bxg7 Kxg7 25. Bd3 Rd8 26. Rh4 Rd7
27. Nb5 a6 28. Nd4 Kf6 29. Nxe6 Kxe6 30. Kd2 1/2-1/2

[Event "25th North American Open"]
[Site "Las Vegas"]
[Date "2015.12.29"]
[Round "8"]
[White "Checa, Nicolas"]
[Black "Kavutskiy, Konstantin"]
[Result "1/2-1/2"]
[WhiteElo "2419"]
[BlackElo "2360"]
[PlyCount "115"]
[EventDate "2015.12.??"]
[EventType "swiss"]
[EventRounds "9"]
[EventCountry "USA"]
[Source "MonRoi"]

1. d4 Nf6 2. c4 g6 3. Nc3 Bg7 4. Nf3 d6 5. e4 O-O 6. Be2 e5 7. O-O Na6 8. Be3
c6 9. d5 Ng4 10. Bg5 f6 11. Bh4 c5 12. Ne1 h5 13. Nd3 Qe7 14. h3 Nh6 15. f4 g5
16. fxg5 fxg5 17. Rxf8+ Bxf8 18. Be1 g4 19. hxg4 Nxg4 20. Nf2 Qg5 21. Bd2 Qh4
22. Nh3 Qg3 23. Bxg4 Bxg4 24. Qe1 Qxe1+ 25. Rxe1 Nb4 26. Nf2 Bd7 27. Rc1 Be7
28. a3 Na6 29. Nd3 Nc7 30. b4 b6 31. Rb1 Bc8 32. a4 Ba6 33. Nb5 Nxb5 34. cxb5
Bc8 35. bxc5 bxc5 36. Nb2 Bg4 37. Be3 h4 38. Kf2 Rf8+ 39. Ke1 h3 40. gxh3 Bf3
41. Nd3 Bxe4 42. Rd1 Bd8 43. Nf2 Bc2 44. Ra1 Ba5+ 45. Ke2 Bb3 46. Rg1+ Kh7 47.
Ne4 Bxd5 48. Nxd6 Bf3+ 49. Kd3 Rd8 50. Bxc5 e4+ 51. Kc2 e3 52. Nf7 Rc8 53. Ng5+
Kh6 54. Nxf3 Rxc5+ 55. Kd3 Rc3+ 56. Ke2 Bb6 57. Ra1 Ba5 58. Ra2 1/2-1/2

[Event "25th North American Open"]
[Site "Las Vegas"]
[Date "2015.12.29"]
[Round "8"]
[White "Song, Michael"]
[Black "Tang, Andrew"]
[Result "1-0"]
[WhiteElo "2340"]
[BlackElo "2416"]
[PlyCount "87"]
[EventDate "2015.12.??"]
[EventType "swiss"]
[EventRounds "9"]
[EventCountry "USA"]
[Source "MonRoi"]

1. d4 d5 2. c4 e6 3. Nc3 Be7 4. cxd5 exd5 5. Bf4 c6 6. e3 Bf5 7. g4 Be6 8. h4
Nd7 9. g5 h6 10. g6 Ngf6 11. gxf7+ Bxf7 12. Bd3 Nh5 13. Bh2 Bxh4 14. Nf3 O-O
15. Kd2 Bxf2 16. Qe2 Bg3 17. Rag1 Bxh2 18. Rxh2 Re8 19. Qg2 Qe7 20. Kc2 g5 21.
Qh1 Ndf6 22. Ne5 Qc7 23. Be2 Rxe5 24. dxe5 Qxe5 25. Bxh5 Nxh5 26. Rxh5 Bg6+ 27.
e4 d4 28. Rxh6 Kg7 29. Qh2 Re8 30. Qxe5+ Rxe5 31. Rh2 dxc3 32. Kxc3 Rxe4 33.
Rxg5 Kf6 34. Rg3 Re6 35. Rh8 Kf7 36. Ra8 a6 37. Rb8 Re7 38. Kb4 Re4+ 39. Kc5
Re5+ 40. Kb6 Rb5+ 41. Ka7 Rxb2 42. Rxb7+ Rxb7+ 43. Kxb7 a5 44. Ra3 1-0

[Event "25th North American Open"]
[Site "Las Vegas"]
[Date "2015.12.29"]
[Round "8"]
[White "Vibbert, Sean"]
[Black "Sipos, Istvan"]
[Result "1/2-1/2"]
[WhiteElo "2313"]
[BlackElo "2496"]
[PlyCount "79"]
[EventDate "2015.12.??"]
[EventType "swiss"]
[EventRounds "9"]
[EventCountry "USA"]
[Source "MonRoi"]

1. e4 e6 2. Nc3 d5 3. d4 Bb4 4. exd5 exd5 5. Bd3 c6 6. Nge2 Ne7 7. O-O O-O 8.
Bf4 Ng6 9. Bg3 Qf6 10. Qd2 Bxc3 11. Qxc3 Bf5 12. Be5 Qe6 13. Bxf5 Qxf5 14. f4
f6 15. Ng3 Qd7 16. f5 Nxe5 17. dxe5 fxe5 18. Qxe5 Qf7 19. Rae1 Na6 20. f6 Rfe8
21. Qc3 Rxe1 22. Qxe1 Re8 23. Qc3 g6 24. h4 Nc7 25. h5 Re6 26. Qd4 Ne8 27. Qxa7
Rxf6 28. h6 Qe7 29. Qd4 Kf7 30. c4 Nc7 31. cxd5 Nxd5 32. Ne4 Rxf1+ 33. Kxf1 Kg8
34. Kg1 Qf8 35. Qe5 Qxh6 36. Qe6+ Kg7 37. Qe5+ Kg8 38. Qe6+ Kg7 39. Qd7+ Kg8
40. Qe6+ 1/2-1/2

[Event "25th North American Open"]
[Site "Las Vegas"]
[Date "2015.12.29"]
[Round "8"]
[White "Yang, Darwin"]
[Black "Hilby, Craig"]
[Result "1-0"]
[WhiteElo "2473"]
[BlackElo "2354"]
[PlyCount "95"]
[EventDate "2015.12.??"]
[EventType "swiss"]
[EventRounds "9"]
[EventCountry "USA"]
[Source "MonRoi"]

1. d4 Nf6 2. c4 e6 3. Nc3 c5 4. d5 exd5 5. cxd5 d6 6. Nf3 g6 7. Bf4 a6 8. a4
Bg7 9. h3 O-O 10. e3 Qe7 11. Be2 Nbd7 12. O-O Rb8 13. Nd2 Ne8 14. Qb3 f5 15.
Bh2 Be5 16. Bxe5 Nxe5 17. f4 Nd3 18. Kh2 Nb4 19. e4 fxe4 20. Ncxe4 Nf6 21. Bf3
Nxe4 22. Nxe4 Rxf4 23. Rae1 Qf8 24. Nxc5 dxc5 25. d6+ Kh8 26. Re7 Bf5 27. Qe3
Nd3 28. d7 Bxd7 29. Rxd7 c4 30. Be2 Rxf1 31. Bxf1 Qf6 32. Qh6 Qf4+ 33. Qxf4
Nxf4 34. Bxc4 b5 35. axb5 axb5 36. Bf1 b4 37. b3 h5 38. Kg3 Ne6 39. Bc4 Nc5 40.
Rc7 Ne4+ 41. Kf4 Nd2 42. Kg5 Nxc4 43. Rxc4 Rb6 44. Kh6 Kg8 45. Rf4 Rb7 46. Kxg6
Rg7+ 47. Kxh5 Rxg2 48. Rg4+ 1-0

[Event "25th North American Open"]
[Site "Las Vegas"]
[Date "2015.12.29"]
[Round "8"]
[White "Furfine, Jacob"]
[Black "Matikozyan, Andranik"]
[Result "0-1"]
[WhiteElo "2141"]
[BlackElo "2427"]
[PlyCount "108"]
[EventDate "2015.12.??"]
[EventType "swiss"]
[EventRounds "9"]
[EventCountry "USA"]
[Source "MonRoi"]

1. e4 c5 2. Nf3 d6 3. d4 cxd4 4. Nxd4 Nf6 5. Nc3 a6 6. h3 e6 7. g4 Be7 8. Bg2
Nfd7 9. Be3 O-O 10. O-O Nc6 11. f4 Nxd4 12. Qxd4 b5 13. g5 Bb7 14. h4 Rc8 15.
a3 Rc4 16. Qd2 Qa8 17. f5 exf5 18. Rxf5 Ne5 19. b3 Rc7 20. Nd5 Bxd5 21. exd5
Qc8 22. Be4 Qxf5 23. Bxf5 Nf3+ 24. Kf2 Nxd2 25. Bxd2 Rc5 26. Bd3 Rxd5 27. Kg3
f6 28. Kg4 fxg5 29. hxg5 Rd4+ 30. Kg3 d5 31. Bb4 Rf7 32. Re1 Bxb4 33. axb4 g6
34. Re6 Rxb4 35. Rxa6 Rbf4 36. Rd6 Rd4 37. Bxb5 Rf5 38. Rd8+ Kf7 39. Rd7+ Ke6
40. Rxh7 Rxg5+ 41. Kf3 Rf5+ 42. Kg3 Kf6 43. Bd3 Re5 44. Kf3 Kg5 45. Rd7 Rf4+
46. Kg2 Kh6 47. Kg3 Rf6 48. Rd8 Rg5+ 49. Kh4 Rf4+ 50. Kh3 Rf3+ 51. Kh2 Rf2+ 52.
Kh1 Rf4 53. Rh8+ Kg7 54. Rh3 Rfg4 0-1

[Event "25th North American Open"]
[Site "Las Vegas"]
[Date "2015.12.29"]
[Round "8"]
[White "Sheng, Joshua"]
[Black "Williams, Justus"]
[Result "0-1"]
[WhiteElo "2423"]
[BlackElo "2310"]
[PlyCount "68"]
[EventDate "2015.12.??"]
[EventType "swiss"]
[EventRounds "9"]
[EventCountry "USA"]
[Source "MonRoi"]

1. e4 c5 2. Nf3 e6 3. d4 cxd4 4. Nxd4 a6 5. c4 Nf6 6. Nc3 Qc7 7. a3 Be7 8. Be3
O-O 9. Be2 d6 10. O-O Re8 11. Qd2 Nbd7 12. f3 b6 13. Rfc1 Bb7 14. b4 Rac8 15.
Rab1 Qb8 16. Kh1 Bd8 17. Bg1 Bc7 18. Rc2 Ne5 19. Nb3 Qa8 20. a4 Nfd7 21. Qc1
Bd8 22. Qf1 Ng6 23. Be3 d5 24. cxd5 exd5 25. Bd3 dxe4 26. Nxe4 Rxc2 27. Bxc2 f5
28. Rd1 fxe4 29. Rxd7 exf3 30. Qc4+ Kh8 31. Qf7 fxg2+ 32. Kg1 Bf6 33. Rxb7 Rxe3
34. Qc7 Be5 0-1

[Event "25th North American Open"]
[Site "Las Vegas"]
[Date "2015.12.29"]
[Round "8"]
[White "Atoufi, Pedram"]
[Black "Shmelov, Denys"]
[Result "0-1"]
[WhiteElo "2261"]
[BlackElo "2420"]
[PlyCount "100"]
[EventDate "2015.12.??"]
[EventType "swiss"]
[EventRounds "9"]
[EventCountry "USA"]
[Source "MonRoi"]

1. e4 c6 2. d4 d5 3. f3 dxe4 4. fxe4 e5 5. Nf3 Bg4 6. Bc4 Nd7 7. c3 Bh5 8. O-O
Bd6 9. Kh1 Ngf6 10. Qc2 Qc7 11. Bg5 O-O 12. Nbd2 b5 13. Bd3 h6 14. Bxf6 Nxf6
15. dxe5 Bxe5 16. Nxe5 Qxe5 17. Rf5 Qc7 18. e5 Ng4 19. Rxh5 Nf2+ 20. Kg1 Qb6
21. Bh7+ Kh8 22. Nf3 Ng4+ 23. Nd4 c5 24. Nf3 g6 25. h3 Ne3 26. Qf2 Kxh7 27.
Ng5+ Kg8 28. Rxh6 Nf5 29. Rh4 c4 30. Rf4 Qxf2+ 31. Rxf2 Rae8 32. Ne4 Kg7 33.
Nf6 Re6 34. g4 Nh6 35. a4 Rd8 36. axb5 Rxe5 37. Rxa7 Rxb5 38. Nd7 Re8 39. Rc7
Re1+ 40. Kg2 Rb1 41. Rxc4 R1xb2 42. Rd4 Rxf2+ 43. Kxf2 Ng8 44. Ke3 Rb1 45. Rd3
g5 46. Kd4 Ne7 47. c4 f5 48. gxf5 Nxf5+ 49. Ke5 Ne7 50. Rg3 Re1+ 0-1

[Event "25th North American Open"]
[Site "Las Vegas"]
[Date "2015.12.29"]
[Round "8"]
[White "Meinhardt, Maximilian"]
[Black "Taghizadeh, Rayan"]
[Result "0-1"]
[WhiteElo "2393"]
[BlackElo "2259"]
[PlyCount "82"]
[EventDate "2015.12.??"]
[EventType "swiss"]
[EventRounds "9"]
[EventCountry "USA"]
[Source "MonRoi"]

1. e4 e5 2. Nf3 Nc6 3. d4 exd4 4. Nxd4 Bc5 5. Be3 Qf6 6. c3 Nge7 7. g3 d5 8.
Bg2 Bxd4 9. cxd4 dxe4 10. Nc3 Nf5 11. Nxe4 Qd8 12. O-O Ncxd4 13. Qa4+ Bd7 14.
Qc4 Bb5 15. Qc5 Bxf1 16. Bg5 f6 17. Kxf1 fxg5 18. Re1 Kf7 19. g4 g6 20. gxf5
Nxf5 21. Qc4+ Kg7 22. Nc5 Qf6 23. Ne6+ Kh6 24. f4 g4 25. Kg1 Rae8 26. Re5 Re7
27. Bxb7 Nd6 28. Qe2 Nxb7 29. Qxg4 Rxe6 30. Rxe6 Qd4+ 31. Kf1 Qc4+ 32. Re2 Rf8
33. Kg1 Qxf4 34. Qh3+ Kg7 35. Re7+ Rf7 36. Qc3+ Qf6 37. Rxf7+ Kxf7 38. Qb3+ Kg7
39. Qxb7 Qb6+ 40. Qxb6 cxb6 41. Kf2 Kf6 0-1

[Event "25th North American Open"]
[Site "Las Vegas"]
[Date "2015.12.29"]
[Round "8"]
[White "Bao, Qilin"]
[Black "Landaw, Julian"]
[Result "1/2-1/2"]
[WhiteElo "2194"]
[BlackElo "2340"]
[PlyCount "25"]
[EventDate "2015.12.??"]
[EventType "swiss"]
[EventRounds "9"]
[EventCountry "USA"]
[Source "MonRoi"]

1. Nf3 d5 2. g3 Nf6 3. Bg2 c5 4. O-O Nc6 5. d4 e6 6. c4 dxc4 7. Qa4 Bd7 8. dxc5
Bxc5 9. Qxc4 Qb6 10. Nc3 Qb4 11. Qxb4 Bxb4 12. Rd1 O-O 13. Bg5 1/2-1/2

[Event "25th North American Open"]
[Site "Las Vegas"]
[Date "2015.12.29"]
[Round "8"]
[White "Kretchetov, Alexandre"]
[Black "Balleisen, Aaron"]
[Result "1-0"]
[WhiteElo "2325"]
[BlackElo "2196"]
[PlyCount "69"]
[EventDate "2015.12.??"]
[EventType "swiss"]
[EventRounds "9"]
[EventCountry "USA"]
[Source "MonRoi"]

1. d4 Nf6 2. Bg5 c5 3. Bxf6 gxf6 4. d5 f5 5. e3 Qb6 6. b3 Bg7 7. c3 e6 8. g3
exd5 9. Qxd5 d6 10. Bg2 Na6 11. Ne2 Nc7 12. Qd1 Be6 13. O-O d5 14. Nd2 Nb5 15.
Rc1 Nd6 16. c4 dxc4 17. bxc4 Ne4 18. Nxe4 fxe4 19. Bxe4 O-O 20. Nf4 Rad8 21.
Qh5 h6 22. Rb1 Qa6 23. Nxe6 Qxe6 24. Bd5 Qa6 25. Rxb7 Qxa2 26. Bxf7+ Kh8 27.
Qg6 Rb8 28. Re7 Rb6 29. Be6 Qb2 30. Re8 Rb8 31. Bf5 Kg8 32. Re7 Rfd8 33. Rxa7
Qf6 34. Qh7+ Kf8 35. Be6 1-0

[Event "25th North American Open"]
[Site "Las Vegas"]
[Date "2015.12.29"]
[Round "8"]
[White "Schill, William"]
[Black "Haessel, Dale"]
[Result "1-0"]
[WhiteElo "2157"]
[BlackElo "2262"]
[PlyCount "57"]
[EventDate "2015.12.??"]
[EventType "swiss"]
[EventRounds "9"]
[EventCountry "USA"]
[Source "MonRoi"]

1. e4 e5 2. Nf3 Nc6 3. Nc3 Nf6 4. Be2 d5 5. exd5 Nxd5 6. O-O Nxc3 7. bxc3 Bd6
8. d4 exd4 9. cxd4 O-O 10. Rb1 b6 11. c4 Bf5 12. Rb5 Qd7 13. Nh4 Nxd4 14. Nxf5
Nxf5 15. Bg4 g6 16. Bxf5 gxf5 17. Qh5 f6 18. Rxf5 Qf7 19. Qf3 Be5 20. Bh6 Rfe8
21. Bg5 Qxc4 22. Bxf6 Bxf6 23. Rxf6 Rad8 24. Rc6 Qe2 25. Qb3+ Kh8 26. Rxc7 Rd3
27. Qb1 a5 28. Qa1+ Qe5 29. Rc8 1-0

[Event "25th North American Open"]
[Site "Las Vegas"]
[Date "2015.12.29"]
[Round "8"]
[White "Lu, Albert"]
[Black "Banik, Siddharth"]
[Result "1/2-1/2"]
[WhiteElo "2232"]
[BlackElo "2078"]
[PlyCount "47"]
[EventDate "2015.12.??"]
[EventType "swiss"]
[EventRounds "9"]
[EventCountry "USA"]
[Source "MonRoi"]

1. d4 Nf6 2. c4 e6 3. Nc3 Bb4 4. Qc2 d5 5. cxd5 exd5 6. Bg5 c5 7. Nf3 cxd4 8.
Nxd4 Nc6 9. e3 h6 10. Bh4 O-O 11. Be2 Nxd4 12. exd4 Be6 13. O-O Rc8 14. Qb3 Ba5
15. Na4 Bc7 16. Qxb7 Rb8 17. Qa6 Rb4 18. Rfd1 Bc8 19. Bxf6 Bxa6 20. Bxd8 Bxe2
21. Bxc7 Bxd1 22. Bd6 Rxa4 23. Bxf8 Kxf8 24. Rxd1 1/2-1/2

[Event "25th North American Open"]
[Site "Las Vegas"]
[Date "2015.12.29"]
[Round "8"]
[White "Inapuri, Ramya"]
[Black "Yu, Jennifer"]
[Result "1/2-1/2"]
[WhiteElo "2131"]
[BlackElo "2198"]
[PlyCount "49"]
[EventDate "2015.12.??"]
[EventType "swiss"]
[EventRounds "9"]
[EventCountry "USA"]
[Source "MonRoi"]

1. d4 d5 2. c4 c6 3. cxd5 cxd5 4. Nc3 Nf6 5. Bf4 a6 6. Nf3 Nc6 7. Rc1 Bf5 8.
Ne5 Rc8 9. e3 e6 10. Bd3 Bxd3 11. Nxd3 Bd6 12. Bxd6 Qxd6 13. Nc5 Rc7 14. O-O
O-O 15. N3a4 Na5 16. b3 Ra8 17. Qe2 h6 18. Rfd1 b6 19. Nd3 Rac8 20. Qb2 Nd7 21.
Rxc7 Rxc7 22. Rc1 Nb7 23. Rxc7 Qxc7 24. Qc3 Qxc3 25. Nxc3 1/2-1/2